Too little, too late? (Record no. 80602)
[ view plain ]
| 000 -LEADER | |
|---|---|
| fixed length control field | 01146cab a22002055a 4500 |
| 001 - CONTROL NUMBER | |
| control field | L144821 |
| 008 - FIXED-LENGTH DATA ELEMENTS--GENERAL INFORMATION | |
| fixed length control field | 080812s2008 xxkd f s 000 0 eng d |
| 035 ## - SYSTEM CONTROL NUMBER | |
| System control number | (Sirsi) u144821 |
| 041 0# - LANGUAGE CODE | |
| Language code of text/sound track or separate title | eng |
| 100 1# - MAIN ENTRY--PERSONAL NAME | |
| Personal name | Thompson, Julian |
| 245 00 - TITLE STATEMENT | |
| Title | Too little, too late? |
| 260 ## - PUBLICATION, DISTRIBUTION, ETC. | |
| Date of publication, distribution, etc. | 2008 |
| 490 ## - SERIES STATEMENT | |
| Series statement | Property Forecast |
| Volume/sequential designation | 11(7) July 2008, 2-3(2) |
| 520 ## - SUMMARY, ETC. | |
| Summary, etc. | Presents the new measures of the Government to help the housing industry and the mixed response from the building sector. The measures, among others, include: increase of initial payments of contractors at the start of a project; enlarging the range of organisations building homes; reforms to mortgages; more flexibility to access the property market for first time buyers with a househod income of less than £60,000. Shows that for many the measures are not sufficient or are brought up too late to be of real help. Presents advantages and disadvantages for Registered Social Landlords and housing associations in this critical economic context. |
| 590 ## - LOCAL NOTE (RLIN) | |
| Local note | KA |
| 650 24 - SUBJECT ADDED ENTRY--TOPICAL TERM | |
| Topical term or geographic name entry element | CREDIT CRUNCH |
| 651 #4 - SUBJECT ADDED ENTRY--GEOGRAPHIC NAME | |
| Geographic name | England and Wales |
| Chronological subdivision | 1543- |
| 690 ## - LOCAL SUBJECT ADDED ENTRY--TOPICAL TERM (OCLC, RLIN) | |
| Topical term or geographic name as entry element | PROPERTY-PROPERTY MARKET |
| 942 ## - ADDED ENTRY ELEMENTS (KOHA) | |
| Suppress in OPAC | 0 |
| Withdrawn status | Lost status | Source of classification or shelving scheme | Damaged status | Not for loan | Home library | Current library | Shelving location | Date acquired | Total Checkouts | Full call number | Barcode | Date last seen | Copy number | Price effective from | Koha item type |
|---|---|---|---|---|---|---|---|---|---|---|---|---|---|---|---|
| Dewey Decimal Classification | London | London | Journal article | 12/08/2008 | L144821 | 144821-1001 | 06/08/2019 | 1 | 06/08/2019 | Journal article |